000 00413nam a2200145Ia 4500
008 151015s9999 xx 000 0 und d
020 _a316303224
050 _aHQ 767.9.G36 1981
245 _aGander Mary J
250 _a_Child and Adolescent Development
300 _aBoston Little, Brown and company 1981
500 _aIncludes index
650 _a_deveopment-child
700 _a^d20130530 03:52:46^oanne
999 _c4998
_d4998